| 000 | 00489nam a2200205Ia 4500 | ||
|---|---|---|---|
| 003 | OSt | ||
| 005 | 20140319104431.0 | ||
| 008 | 140130s9999 xx 000 0 und d | ||
| 020 | _a0590115073 | ||
| 050 |
_aPZ 8.3 _b.W4215Wi 1997 |
||
| 100 |
_aWeinberge, Kimberly _931454 |
||
| 245 |
_cWeinberge, Kimberly _aWinter is Here! / |
||
| 260 |
_bScholastic, _c1997. _aNew York : |
||
| 440 | _v1 | ||
| 521 | _aBR | ||
| 526 | _cBR | ||
| 942 |
_cBK _2lcc |
||
| 999 |
_c42222 _d42222 |
||